ARRUPE JESUIT UNIVERSITY

CORONAVIRUS -STOP THE SPREAD - CLEAN,DISINFECT,COVER

Ethics (Record no. 53858)

MARC details
000 -LEADER
fixed length control field 00515nam a2200217Ia 4500
003 - CONTROL NUMBER IDENTIFIER
control field 0100
008 - FIXED-LENGTH DATA ELEMENTS--GENERAL INFORMATION
fixed length control field 130303s9999 xx 000 0 und d
040 ## - CATALOGING SOURCE
Transcribing agency ARRUPELIB
050 ## - LIBRARY OF CONGRESS CALL NUMBER
Classification number BJ1025.E95 1953
300 ## - PHYSICAL DESCRIPTION
Other physical details 18cm.
100 ## - MAIN ENTRY--PERSONAL NAME
Personal name Ewing , A.C
245 ## - TITLE STATEMENT
Title Ethics
245 ## - TITLE STATEMENT
Remainder of title the teach yourself books
260 ## - PUBLICATION, DISTRIBUTION, ETC. (IMPRINT)
Place of publication, distribution, etc New York
260 ## - PUBLICATION, DISTRIBUTION, ETC. (IMPRINT)
Name of publisher, distributor, etc English University Press
260 ## - PUBLICATION, DISTRIBUTION, ETC. (IMPRINT)
-- 1953
300 ## - PHYSICAL DESCRIPTION
Extent 160p.
440 ## - SERIES STATEMENT/ADDED ENTRY--TITLE
Title Uniform with this volume and in the same series
650 ## - SUBJECT ADDED ENTRY--TOPICAL TERM
Topical term or geographic name as entry element ETHICS
942 00 - ADDED ENTRY ELEMENTS (KOHA)
Koha issues (borrowed), all copies 4
Holdings
Withdrawn status Lost status Source of classification or shelving scheme Damaged status Not for loan Collection code Home library Current library Shelving location Date acquired Total Checkouts Full call number Barcode Date last seen Date checked out Copy number Price effective from Koha item type
    Library of Congress Classification     Main Collection ARRUPE LIBRARY ARRUPE LIBRARY   04/03/2013 2 BJ1025.E95 1953 46003005727 22/09/2016 06/04/2016 1 04/03/2013 Monograph ( Printed materials)
    Library of Congress Classification     Main Collection ARRUPE LIBRARY ARRUPE LIBRARY   04/03/2013 2 BJ1025.E95 1953 46003005731 22/09/2016 14/02/2015 2 04/03/2013 Monograph ( Printed materials)
    Library of Congress Classification       ARRUPE LIBRARY ARRUPE LIBRARY   13/02/2017 1 BJ1025.E95 1953 46003005730 08/03/2018 22/02/2018 3 13/02/2017 Monograph ( Printed materials)

 

Arrupe Library. PO Box MP320 Mt Pleasant, Harare, Zimbabwe
263 242 745411|librarian@aju.ac.zw